<?xml version="1.0" encoding="UTF-8"?>
<record
    xmlns:xsi="http://www.w3.org/2001/XMLSchema-instance"
    xsi:schemaLocation="http://www.loc.gov/MARC21/slim http://www.loc.gov/standards/marcxml/schema/MARC21slim.xsd"
    xmlns="http://www.loc.gov/MARC21/slim">

  <leader>03219njm a2200433Ia 4500</leader>
  <controlfield tag="001">B5173</controlfield>
  <controlfield tag="003">IT-RoPAU</controlfield>
  <controlfield tag="005">20220918181205.0</controlfield>
  <controlfield tag="008">131025s9999    xx            000 0 und d</controlfield>
  <datafield tag="040" ind1=" " ind2=" ">
    <subfield code="a">IT-RoPAU</subfield>
  </datafield>
  <datafield tag="040" ind1=" " ind2=" ">
    <subfield code="c">IT-RoPAU</subfield>
  </datafield>
  <datafield tag="999" ind1=" " ind2=" ">
    <subfield code="c">103362</subfield>
    <subfield code="d">103362</subfield>
  </datafield>
  <datafield tag="999" ind1=" " ind2=" ">
    <subfield code="b">n.d.</subfield>
  </datafield>
  <datafield tag="100" ind1=" " ind2=" ">
    <subfield code="a">AA.VV.</subfield>
    <subfield code="9">794</subfield>
  </datafield>
  <datafield tag="100" ind1=" " ind2=" ">
    <subfield code="e">Autore musica</subfield>
    <subfield code="9">28908</subfield>
  </datafield>
  <datafield tag="100" ind1=" " ind2=" ">
    <subfield code="g">Codice autore musica SPICS: 12000</subfield>
    <subfield code="9">796</subfield>
  </datafield>
  <datafield tag="245" ind1=" " ind2=" ">
    <subfield code="a">Ave piena di grazia</subfield>
  </datafield>
  <datafield tag="250" ind1=" " ind2=" ">
    <subfield code="a">1a ed.</subfield>
  </datafield>
  <datafield tag="260" ind1=" " ind2=" ">
    <subfield code="a">ROMA</subfield>
  </datafield>
  <datafield tag="260" ind1=" " ind2=" ">
    <subfield code="b">EP - MUSICALI E DISCOGRAFICHE</subfield>
    <subfield code="c">1992 [1a Ed.:1992 - Ed. Lingua Orig.: 1992]</subfield>
  </datafield>
  <datafield tag="300" ind1=" " ind2=" ">
    <subfield code="a">MUSICASSETTA</subfield>
  </datafield>
  <datafield tag="300" ind1=" " ind2=" ">
    <subfield code="c">69 minuti (Testo: 0 pag.)</subfield>
  </datafield>
  <datafield tag="500" ind1=" " ind2=" ">
    <subfield code="a">Versioni diverse e di autori diversi dell'"Ave Maria".</subfield>
  </datafield>
  <datafield tag="505" ind1=" " ind2=" ">
    <subfield code="a">Ave Maria, op. 52 n. 6 per coro e orchestra (6:00) - Ave Maria per coro e archi (5:00) - Ave Maria per soprano, corno inglese e orchestra (6:00) - Ave Maria per coro femminile e archi (3:00) - Ave Maria per coro e orchestra (3:00) - Ave Maria, per soprano, coro ed archi (5:00) - Ave Maria op. 23 per coro a 8 voci, organo e fiati (7:00) - Ave Maria per coro e organo (5:00) - Ave Maria da "Otello"  per soprano e archi (5:00) - Ave Maria op. 35 per baritono con accompagnamento di orchestra (3:00) - Ave Maria op. 12 per coro femminile e orchestra (4:00) - Ave Maria da J.S. Bach, per coro e orchestra (4:00) - Ave Maria volgarizzata da Dante per soprano ed archi (5:00) - Ave Maria per coro, archi 2 cr (9:00)</subfield>
  </datafield>
  <datafield tag="511" ind1=" " ind2=" ">
    <subfield code="a">Saint Paul's Philharmonic Orchestra and Chorus diretti da Frontalini Silvano</subfield>
  </datafield>
  <datafield tag="511" ind1=" " ind2=" ">
    <subfield code="a">K. Rumarczyk: soprano</subfield>
  </datafield>
  <datafield tag="650" ind1=" " ind2=" ">
    <subfield code="a">MUSICA SACRA [CASSETTE]</subfield>
    <subfield code="e">Codice MATERIA SPICS: 9951</subfield>
    <subfield code="9">28909</subfield>
  </datafield>
  <datafield tag="700" ind1=" " ind2=" ">
    <subfield code="a">Schubert Franz</subfield>
    <subfield code="d">Codice autore musica SPICS: 10690</subfield>
    <subfield code="e">Autore musica</subfield>
    <subfield code="p">Ave Maria, op. 52 n. 6 per coro e orchestra</subfield>
    <subfield code="9">28910</subfield>
  </datafield>
  <datafield tag="700" ind1=" " ind2=" ">
    <subfield code="a">Rossini Gioachino</subfield>
    <subfield code="d">Codice autore musica SPICS: 11125</subfield>
    <subfield code="e">Autore musica</subfield>
    <subfield code="p">Ave Maria per coro e archi - Ave Maria per coro e orchestra</subfield>
    <subfield code="9">28911</subfield>
  </datafield>
  <datafield tag="700" ind1=" " ind2=" ">
    <subfield code="a">Cherubini Luigi</subfield>
    <subfield code="d">Codice autore musica SPICS: 8099</subfield>
    <subfield code="e">Autore musica</subfield>
    <subfield code="p">Ave Maria per soprano, corno inglese e orchestra</subfield>
    <subfield code="9">28912</subfield>
  </datafield>
  <datafield tag="700" ind1=" " ind2=" ">
    <subfield code="a">Donizetti Gaetano</subfield>
    <subfield code="d">Codice autore musica SPICS: 10737</subfield>
    <subfield code="e">Autore musica</subfield>
    <subfield code="p">Ave Maria per coro femminile e archi - Ave Maria, per soprano, coro ed archi</subfield>
    <subfield code="9">28913</subfield>
  </datafield>
  <datafield tag="700" ind1=" " ind2=" ">
    <subfield code="a">Mendelssohn Felix</subfield>
    <subfield code="d">Codice autore musica SPICS: 3873</subfield>
    <subfield code="e">Autore musica</subfield>
    <subfield code="p">Ave Maria op. 23 per coro a 8 voci, organo e fiati</subfield>
    <subfield code="9">28914</subfield>
  </datafield>
  <datafield tag="700" ind1=" " ind2=" ">
    <subfield code="a">Liszt Franz</subfield>
    <subfield code="d">Codice autore musica SPICS: 10789</subfield>
    <subfield code="e">Autore musica</subfield>
    <subfield code="p">Ave Maria per coro e organo</subfield>
    <subfield code="9">28915</subfield>
  </datafield>
  <datafield tag="700" ind1=" " ind2=" ">
    <subfield code="a">Verdi Giuseppe</subfield>
    <subfield code="d">Codice autore musica SPICS: 89</subfield>
    <subfield code="e">Autore musica</subfield>
    <subfield code="p">Ave Maria da "Otello"  per soprano e archi - Ave Maria volgarizzata da Dante per soprano ed archi</subfield>
    <subfield code="9">28916</subfield>
  </datafield>
  <datafield tag="700" ind1=" " ind2=" ">
    <subfield code="a">Busoni Ferruccio</subfield>
    <subfield code="d">Codice autore musica SPICS: 8669</subfield>
    <subfield code="e">Autore musica</subfield>
    <subfield code="p">Ave Maria op. 35 per baritono con accompagnamento di orchestra</subfield>
    <subfield code="9">28917</subfield>
  </datafield>
  <datafield tag="700" ind1=" " ind2=" ">
    <subfield code="a">Brahms Johannes</subfield>
    <subfield code="d">Codice autore musica SPICS: 8867</subfield>
    <subfield code="e">Autore musica</subfield>
    <subfield code="p">Ave Maria op. 12 per coro femminile e orchestra</subfield>
    <subfield code="9">28918</subfield>
  </datafield>
  <datafield tag="700" ind1=" " ind2=" ">
    <subfield code="a">Gounod Charles</subfield>
    <subfield code="d">Codice autore musica SPICS: 10670</subfield>
    <subfield code="e">Autore musica</subfield>
    <subfield code="p">Ave Maria da J.S. Bach, per coro e orchestra</subfield>
    <subfield code="9">28919</subfield>
  </datafield>
  <datafield tag="700" ind1=" " ind2=" ">
    <subfield code="a">Procaccini Teresa</subfield>
    <subfield code="d">Codice autore musica SPICS: 38352</subfield>
    <subfield code="e">Autore musica</subfield>
    <subfield code="p">Ave Maria per coro, archi 2 cr</subfield>
    <subfield code="9">28920</subfield>
  </datafield>
  <datafield tag="942" ind1=" " ind2=" ">
    <subfield code="c">MC</subfield>
    <subfield code="2">ddc</subfield>
  </datafield>
  <datafield tag="952" ind1=" " ind2=" ">
    <subfield code="0">0</subfield>
    <subfield code="1">0</subfield>
    <subfield code="4">0</subfield>
    <subfield code="6">B_5173_000000000000000</subfield>
    <subfield code="7">1</subfield>
    <subfield code="a">SPICS</subfield>
    <subfield code="b">SPICS</subfield>
    <subfield code="d">2013-10-25</subfield>
    <subfield code="l">0</subfield>
    <subfield code="o">B5173</subfield>
    <subfield code="r">2013-10-25 00:00:00</subfield>
    <subfield code="w">2013-10-25</subfield>
    <subfield code="y">MC</subfield>
    <subfield code="z">Progr. Ins.: 637 / N.Vol.: 2 / Copie: 1 - Copia rara: n.d. / date import: 01.01.2014 - By Epidotti, Trombetti, Vaglietti</subfield>
  </datafield>
</record>
